000 00292nam a2200121Ia 4500
008 220204s9999 xx 000 0 und d
082 _a066.01
_bBAC
100 _aBackhurst, J R
245 0 _aProcess plant design
260 _aLondon
_bHeinemann
_c1973
700 _aHarker, J H
942 _cBK
999 _c35462
_d35462